Top 20 Countries Where French is an Official Language - Statistics

General Stats
  • This quiz has been taken 789 times
  • The average score is 14 of 20
Answer Stats
million country % Correct
65.4 France
99%
34.2 Canada
81%
10.8 Belgium
80%
67.8 Dem Rep Congo
79%
7.8 Switzerland
76%
15.9 Niger
75%
14.5 Mali
74%
12.9 Senegal
73%
11.3 Chad
72%
21.6 Côte d'Ivoire
72%
20.0 Cameroon
68%
10.3 Guinea
66%
9.2 Benin
64%
6.8 Togo
63%
16.3 Burkina Faso
59%
4.4 Central African Republic
59%
10.2 Haiti
56%
21.1 Madagascar
50%
10.3 Rwanda
43%
8.5 Burundi
42%
No matching quizzes found
Score Distribution
Percent of People with Each Score
Percentile by Number Answered
Your Score History
You have not taken this quiz